Rappeurs Français ayant vendu plus d’1 millions d’album en solo - Statistiques

Statistiques générales
  • Ce quiz a été pris 101 fois
    50 depuis la dernière actualisation
  • Le résultat moyen est 16 sur 35
Statistiques - réponses
Rappeurs % Correct
JUL
95%
Booba
87%
GIMS
87%
Ninho
87%
Kaaris
82%
Damso
77%
PNL
74%
Niska
72%
SCH
69%
IAM
59%
SDM
56%
PLK
51%
WeRenoi
49%
Nekfeu
46%
Orelsan
46%
Black M
41%
La Fouine
41%
Rohff
38%
Soprano
38%
Vald
36%
Bigflo & Oli
31%
Maes
31%
Sexion D’assaut
31%
Diam’s
28%
Djadja & Dinaz
28%
Lacrim
28%
Lomepal
28%
Suprême NTM
26%
Alonzo
23%
Mc Solaar
18%
Doc Gyneco
15%
Sinik
13%
Manau
10%
Sniper
10%
Fonky Family
5%
Aucun quiz correspondant
Distribution des résultats
% des personnes avec chaque résultat
Percentile par nombre de réponses
Votre historique - résultats
Vous n’avez pas pris ce quiz depuis la dernière actualisation